Datum a čas kvízu
32.5
Celkem bodů
Celkový počet nahraných bodů na tomto kvízu bez doplňovacích otázek.
3.
Pořadí na kvízu
Konečné umístění týmu na tomto kvízu.
Zaznamenané odpovědi
| # | Otázka | Odpověď | Body | Výsledky |
|---|---|---|---|---|
| 1. | V areálu Veterinární univerzit... | C) kůň panenky Barbie | 1 | |
| 2. | Minulý týden jsme se dozvěděli... | A) ve lžíci bagru | 1 | |
| 3. | Od čtvrtka do soboty měly tisí... | Hra o trůny/Game of Thrones | 0 | |
| 4. | Nápad vědců z brněnské Mendelo... | B) mangové pecky | 1 | |
| 5. | Na začátku minulého týdne popr... | Los Angeles Lakers | 0 | |
| 6. | Hned na začátku tohoto tématu... | para (0,5 b.), piniové (1 b.) | 0.5 | |
| 7. | V jedné populární české písnič... | Báječná ženská, Michal Tučný | 1 | |
| 8. | Jak se jedním kratším slovem n... | gola | 0 | |
| 9. | Arašídové (též burákové) máslo... | křupavé (crunchy) | 1 | |
| 10. | Který z těchto výroků o pohádc... | A | 1 |